000 01183nam a22002657a 4500
005 20240530110437.0
008 150329s2011 su od g bd 000 0 ara d
017 _a1431/9864
_bالسعودية . مكتبة الملك فهد
020 _a9786035031004
040 _aEG-CaGPL
082 0 4 _221
_a629.103\
_bأ ك
100 0 _bاحمد بن ظافر القرنى
245 1 2 _aالكوكب الوضاء فى الطيران والفضاء /
_cاحمد بن ظافر القرنى ، وائل جمال الدين عبدالرحمن ؛ تقديم سلطان بن عبدالعزيز ال سعود
250 _aط1
260 _aالرياض :
_bمكتبة العبيكان ،
_c2011
300 _a339 ص :
_bايض ؛
_c24 سم +
_eملاحق
504 _aيشتمل على ارجاعات ببليوجرافية
650 0 4 _aالطيران
_vمصطلحات
650 0 4 _aالطيران
_xاجهزة
650 0 4 _aالطيران
_xاختصارات
700 0 _aوائل جمال الدين عبدالرحمن
_eمؤلف مشارك
700 0 _aسلطان بن عبدالعزيز ال سعود
_eمقدم
942 _2ddc
_cBK
999 _c60980
_d60980